| 000 | 00868nam a22002057a 4500 | ||
|---|---|---|---|
| 005 | 20250911125539.0 | ||
| 010 | _aB-774944-959 20BACCHEN25 | ||
| 020 |
_a9789359541952 _c1199.00 |
||
| 035 | _aB-774944-959 | ||
| 037 | _bScholastic | ||
| 082 | _a520 | ||
| 100 |
_aD’Efilippo ,Valentina _984996 |
||
| 245 |
_aBritannica’s Encyclopedia Infographica / _cBy Valentina D’Efilippo, Andrew Pettie [nd] Conrad Quilty-Harper |
||
| 260 |
_bScholastic _c2024 |
||
| 300 |
_a325p. _c25cm(Hb) |
||
| 700 |
_aPettie ,Andrew _978649 |
||
| 700 |
_aConrad Quilty-Harper _978650 |
||
| 942 |
_2ddc _cCH _h520 _mDEF |
||
| 999 |
_c209717 _d209717 |
||